Constitución de la provincia de buenos aires /

Guardado en:
Formato: Libro
Publicado: Buenos Aires : Aique, 1998
Edición:2a. ed.
Series:Aique Polimodal
Materias:
Etiquetas: Agregar Etiqueta
Sin Etiquetas, Sea el primero en etiquetar este registro!
LEADER 01132nam a22002655a 4500
001 CEM.cems009977
005 20080625092123.0
008 130507s1998##################000#0#####d
003 CEMS
020 |a 950701523X 
082 0 4 |a 342.821 
245 0 0 |a Constitución de la provincia de buenos aires / 
250 |a 2a. ed. 
260 |a Buenos Aires :  |b Aique,  |c 1998 
300 |a 48 p. 
490 0 |a Aique Polimodal 
653 |a Buenos aires-constitución 
653 |a Constitución de la provincia de buenos aires 
859 |a CEMS  |b BIB. CEMS - 11 de abril  |h 342.821  |i B862-1  |p 20301.99  |t Ej.1  |v 1998  |3 1998 
859 |a CEMS  |b BIB. CEMS - 11 de abril  |h 342.821  |i B862-1  |p 20303.99  |t Ej.2  |v 1998  |3 1998 
859 |a CEMS  |b BIB. CEMS - 11 de abril  |h 342.821  |i B862-1  |p 20356.99  |t Ej.3  |v 1998  |3 1998 
859 |a CEMS  |b BIB. CEMS - 11 de abril  |h 342.821  |i B862-1  |p 20357.99  |t Ej.4  |v 1998  |3 1998 
859 |a CEMS  |b BIB. CEMS - 11 de abril  |h 342.821  |i B862-1  |p 21620.02  |t Ej.5  |v 1998  |3 1998 
859 |a CEMS  |b BIB. CEMS - 11 de abril  |h 342.821  |i B862-1  |p 21621.02  |t Ej.6  |v 1998  |3 1998 
859 |a CEMS  |b BIB. CEMS - 11 de abril  |h 342.821  |i B862-1  |p 21622.02  |t Ej.7  |v 1998  |3 1998